Manual de evaluación psicológica : fundamentos, técnicas y aplicaciones /
Salvato in:
| Altri autori: | , , |
|---|---|
| Natura: | Libro |
| Lingua: | spagnolo |
| Pubblicazione: |
Madrid, España :
Siglo XXI,
1997, c1997
|
| Serie: | (Manuales Psicología)
|
| Soggetti: | |
| Tags: |
Nessun Tag, puoi essere il primo ad aggiungerne!!
|
MARC
| LEADER | 00000nam^a2200000^a^4500 | ||
|---|---|---|---|
| 001 | 000186698 | ||
| 005 | 20250521000000.0 | ||
| 009 | 20260310102236.658 | ||
| 020 | |a 84-323-0953-2 | ||
| 037 | |a Acervo ITESO - Biblioteca | ||
| 041 | |a ESP | ||
| 082 | |a 155. 28 |b BUE | ||
| 100 | |a Buela-Casal, Gualberto |e (dir.) | ||
| 245 | 1 | 0 | |a Manual de evaluación psicológica : |b fundamentos, técnicas y aplicaciones / |c Dir. de G. Buela-Casal, J.C. Sierra ; pról. de V. Pelechano Barberá. |
| 264 | 4 | |a Madrid, España : |b Siglo XXI, |c 1997, c1997 | |
| 300 | |a XLII, 1056 p. | ||
| 336 | |a texto |b txt |2 rdacontenido | ||
| 337 | |a sin mediación |b n |2 rdamedio | ||
| 338 | |a volumen |b nc |2 rdasoporte | ||
| 440 | 1 | |a (Manuales Psicología) | |
| 649 | |a XX | ||
| 650 | |a Observación | ||
| 650 | |a Entrevista Psicológica | ||
| 650 | |a Escalas (Psicología) | ||
| 650 | |a Desarrollo Psicomotriz y Perceptual | ||
| 650 | |a Desarrollo Cognoscitivo | ||
| 650 | |a Pruebas de Inteligencia | ||
| 650 | |a Pruebas de Aptitudes | ||
| 650 | |a Pruebas de Personalidad | ||
| 650 | |a Pruebas Psicológicas | ||
| 650 | |a Evaluación Psicológica - |z España - |x Historia | ||
| 650 | |a Evaluación Psicológica - |x Historia | ||
| 650 | |a Evaluación Psicológica - |x Metodología | ||
| 650 | |a Evaluación Psicológica - |x Teoría | ||
| 650 | |a Psicometría | ||
| 650 | |a Psicología | ||
| 700 | |a Sierra, J. Carlos |e (dirección) | ||
| 700 | |a Pelechano Barberá, Vicente |e (prólogo) | ||
| 910 | |a Fondo General | ||
| 920 | |a Impresos - Libros | ||
| 930 | |a Colección General | ||
| 905 | |a 101 | ||
| 901 | |a 0500128314 |b IT1 |c ACC |u 20250521 | ||
| 902 | |a https://opac.biblio.iteso.mx/vufind/Record/000186698 | ||